ចរិតខ្មែរ : (Record no. 6127)
[ view plain ]
| 000 -LEADER | |
|---|---|
| fixed length control field | 01531nam a22002537a 4500 |
| 001 - CONTROL NUMBER | |
| control field | 6127 |
| 003 - CONTROL NUMBER IDENTIFIER | |
| control field | FISKH |
| 005 - DATE AND TIME OF LATEST TRANSACTION | |
| control field | 20250317135725.0 |
| 008 - FIXED-LENGTH DATA ELEMENTS--GENERAL INFORMATION | |
| fixed length control field | 250317b cb ||||| |||| 00| 0 eng d |
| 040 ## - CATALOGING SOURCE | |
| Original cataloging agency | FISKH |
| Language of cataloging | Khmer |
| Transcribing agency | FISKH |
| Modifying agency | FISKH |
| 050 ## - LIBRARY OF CONGRESS CALL NUMBER | |
| Classification number | PZ7 |
| 082 ## - DEWEY DECIMAL CLASSIFICATION NUMBER | |
| Classification number | 390 |
| 100 ## - MAIN ENTRY--PERSONAL NAME | |
| Personal name | Chanmol, Pun |
| 245 ## - TITLE STATEMENT | |
| Title | ចរិតខ្មែរ : |
| Remainder of title | កើត រស់ ស្លាប់ ដើម្បីខ្មែរ / |
| Statement of responsibility, etc. | ប៊ុណ្ណ ចន្ទម៉ុល |
| 250 ## - EDITION STATEMENT | |
| Edition statement | បោះពុម្ពលើកទី ១ |
| 260 ## - PUBLICATION, DISTRIBUTION, ETC. | |
| Place of publication, distribution, etc. | Phnom Penh : |
| Name of publisher, distributor, etc. | Hem Cheav Street ; |
| Date of publication, distribution, etc. | 1973. |
| 300 ## - PHYSICAL DESCRIPTION | |
| Extent | 149 pages : |
| Other physical details | illustrations ; |
| Dimensions | 20 cm . |
| 520 ## - SUMMARY, ETC. | |
| Summary, etc. | ចរិតខ្មែរស្តាប់ទៅដូចជាអ្នកនិពន្ធមានគំនិតចង់រិះគន់បន្តុះបង្អាប់ខ្មែរតែតាមពិតគីនិយាយចង់អោយឃើញនូវទិដ្ធិមានះ រើសអើងរបស់ខ្មែរមួយផ្នែក ដែលបណ្តាលអោយកើតផលអាក្រក់ដល់សង្គមនិងបក្ស ។ |
| 520 ## - SUMMARY, ETC. | |
| Summary, etc. | Khmer character sounds like the author wants to criticize and humiliate Khmer people, but in reality, he wants to show the prejudice and discrimination of some Khmer people, which causes bad consequences for society and the party. |
| 650 ## - SUBJECT ADDED ENTRY--TOPICAL TERM | |
| Topical term or geographic name entry element | ចរិតខ្មែរ |
| 650 ## - SUBJECT ADDED ENTRY--TOPICAL TERM | |
| Topical term or geographic name entry element | Khmer character |
| 942 ## - ADDED ENTRY ELEMENTS (KOHA) | |
| Source of classification or shelving scheme | Dewey Decimal Classification |
| Koha item type | Books |
| Suppress in OPAC | No |
| Withdrawn status | Lost status | Source of classification or shelving scheme | Damaged status | Not for loan | Collection | Home library | Current library | Shelving location | Date acquired | Total Checkouts | Full call number | Barcode | Date last seen | Price effective from | Koha item type |
|---|---|---|---|---|---|---|---|---|---|---|---|---|---|---|---|
| Dewey Decimal Classification | Khmer Language Books / សៀវភៅភាសាខ្មែរ | Footprints International School Library Network Toul Tom Poung Campus | Footprints International School Library Network Toul Tom Poung Campus | TTP Secondary Khmer Bookshelves | 03/17/2025 | CHA PZ7 390 | FIS03919 | 03/17/2025 | 03/17/2025 | Books |
